[Event "AUTO-ADV-4882"]
[Site "http://www.queenalice.com/game.php?id=1861011"]
[Date "2025.8.3"]
[Round "1"]
[White "Esvir"]
[Black "Capixaba789"]
[Result "1-0"]
[WhiteElo "1992"]
[BlackElo "1878"]

1. e4 e5 2. Bc4 Nc6 3. Nf3 Be7 4. O-O Nf6 5. d3 d6 6. h3 O-O 7. a3 Nd4 8. c3 Ne6
9. Nh4 Nxe4 10. dxe4 Bxh4 11. g3 Nc5 12. gxh4 Bxh3 13. Re1 Qxh4 14. Qf3 Bg4 15.
Qg3 Qh5 16. Re3 Nxe4 17. Rxe4 Bf5 18. Be2 Qg6 19. Rh4 Qe6 20. Bg4 Bxg4 21. Rxg4
g6 22. Bh6 Rfe8 23. Nd2 d5 24. Kg2 e4 25. Rh1 e3 26. Bxe3 b6 27. Qh4 h5 28. Qxh5
1-0

[Event "AUTO-ADV-4887"]
[Site "http://www.queenalice.com/game.php?id=1861878"]
[Date "2025.8.22"]
[Round "1"]
[White "Esvir"]
[Black "chessman"]
[Result "0-1"]
[WhiteElo "1991"]
[BlackElo "1973"]

1. e4 e6 2. Nc3 d5 3. d4 dxe4 4. Nxe4 Nd7 5. Nf3 Ngf6 6. Nxf6+ Nxf6 7. Be2 Be7
8. O-O O-O 9. c4 c5 10. dxc5 Bxc5 11. a3 a5 12. Bg5 Be7 13. Qc2 b6 14. Rad1 Qc7
15. h3 Bb7 16. Bd3 h6 17. Bh4 Bxf3 18. gxf3 Qf4 19. Bg3 Qxf3 20. Rde1 Bc5 21.
Qc3 Qxg3+ 22. Kh1 Qxh3+ 23. Kg1 Qg3+ 24. Kh1 Bxf2 25. Rxf2 Qxf2 26. Rg1 Qh4+ 27.
Kg2 Ng4 28. Qd4 e5 29. Qe4 Qf2+ 30. Kh3 Qh2+ 31. Kxg4 f5+ 0-1

[Event "AUTO-ADV-4887"]
[Site "http://www.queenalice.com/game.php?id=1861879"]
[Date "2025.8.22"]
[Round "1"]
[White "chessman"]
[Black "Esvir"]
[Result "1-0"]
[WhiteElo "1971"]
[BlackElo "1970"]

1. e4 e5 2. Nf3 d6 3. d4 exd4 4. Nxd4 Nf6 5. Bd3 Be7 6. O-O O-O 7. Nc3 c6 8. Re1
Bg4 9. f3 Bh5 10. Be3 Nbd7 11. g4 Bg6 12. f4 Nc5 13. f5 Nxd3 14. cxd3 c5 15. Nb3
Nxg4 16. Qxg4 h5 17. Qg2 Bh7 18. Nd5 Bf6 19. Bh6 b5 20. Bxg7 Bxg7 21. f6 Bg6 22.
Ne7+ Kh7 23. Nxg6 fxg6 24. fxg7 Kxg7 25. Rf1 Qe7 26. Rxf8 Rxf8 27. Rf1 Qe5 28.
Rxf8 Kxf8 29. d4 cxd4 30. Qf2+ Kg7 31. Qxd4 Kf6 32. Kf2 a6 33. Ke3 g5 34. Qxe5+
Kxe5 35. Nd4 g4 36. Ne2 h4 37. b4 d5 38. exd5 Kxd5 39. Kd3 Ke5 40. a3 Kd5 41.
Nc3+ Ke5 42. Ke3 g3 43. hxg3 hxg3 44. Kd3 Kf4 45. Ne2+ Kf3 46. Nxg3 Kxg3 47. Kd4
Kf3 48. Kc5 Ke3 49. Kb6 Kd4 50. Kxa6 Kc4 51. Kb6 Kb3 52. Kxb5 Kxa3 53. Ka5 Kb3
54. b5 1-0

[Event "AUTO-ADV-4887"]
[Site "http://www.queenalice.com/game.php?id=1861880"]
[Date "2025.8.22"]
[Round "1"]
[White "Esvir"]
[Black "Rafale2000"]
[Result "1/2-1/2"]
[WhiteElo "1954"]
[BlackElo "1960"]

1. e4 Nf6 2. Nc3 d5 3. exd5 Nxd5 4. Nxd5 Qxd5 5. c4 Qe4+ 6. Qe2 Bf5 7. d3 Qxe2+
8. Bxe2 e6 9. Nf3 Nc6 10. O-O O-O-O 11. Ng5 Bg6 12. Be3 h6 13. Ne4 Kb8 14. a3
Be7 15. b4 Ne5 16. Rad1 b6 17. f3 Rd7 18. d4 Nc6 19. c5 f5 20. Nc3 Rhd8 21. cxb6
axb6 22. Nb5 Bf6 23. Bc4 Bxd4 24. Bxd4 Nxd4 25. Nxd4 Rxd4 26. Rxd4 Rxd4 27. Bxe6
Rd3 28. a4 Ra3 29. Bd7 Rb3 30. b5 Ra3 31. Re1 Rxa4 32. Re7 f4 33. Rxg7 Ra1+ 34.
Kf2 Ra2+ 35. Kg1 Ra1+ 36. Kf2 Ra2+ 37. Kg1 Ra1+ 1/2-1/2

[Event "AUTO-ADV-4887"]
[Site "http://www.queenalice.com/game.php?id=1861881"]
[Date "2025.8.22"]
[Round "1"]
[White "Rafale2000"]
[Black "Esvir"]
[Result "1-0"]
[WhiteElo "1896"]
[BlackElo "1974"]

1. e4 e5 2. Nf3 d6 3. d4 exd4 4. Nxd4 Nf6 5. Nc3 Be7 6. Bc4 a6 7. O-O b5 8. Bb3
O-O 9. Qf3 Bb7 10. a3 Qd7 11. Qe2 c5 12. Nf5 Bd8 13. Bf4 Bc7 14. Rad1 Nc6 15.
Bxd6 Nd4 16. Nxd4 Qxd6 17. Nf3 Qf4 18. Nd5 Nxd5 19. Bxd5 Bxd5 20. exd5 Rae8 21.
Qd2 Re4 22. Qxf4 Bxf4 23. Rfe1 Rfe8 24. Rxe4 Rxe4 25. d6 Re8 26. d7 Rd8 27. g3
Bc7 28. Ng5 h6 29. Ne4 c4 30. Nc5 Be5 31. Nb7 1-0

[Event "AUTO-ADV-4887"]
[Site "http://www.queenalice.com/game.php?id=1861882"]
[Date "2025.8.22"]
[Round "1"]
[White "Esvir"]
[Black "game"]
[Result "1-0"]
[WhiteElo "1989"]
[BlackElo "1649"]

1. e4 c6 2. d4 d5 3. e5 Bf5 4. Nf3 e6 5. Be2 Nd7 6. c4 Nb6 7. c5 Nd7 8. Nc3 Qa5
9. Bd2 Nh6 10. O-O Ng4 11. h3 Nh6 12. Ne4 Qd8 13. Nd6+ Bxd6 14. cxd6 O-O 15. Ng5
b5 16. Rc1 f6 17. Nf3 fxe5 18. dxe5 Be4 19. Ng5 Re8 20. Bh5 Rf8 21. Nxe6 Qh4 22.
Nxf8 Rxf8 23. e6 Bd3 24. e7 Bxf1 25. exf8=Q+ Nxf8 26. Bxh6 Bxg2 27. Kxg2 Qe4+
28. Qf3 gxh6 29. Qxe4 dxe4 30. Rxc6 Ne6 31. d7 Nd8 32. Rc8 Kf8 33. Rxd8+ Ke7 34.
Rh8 Kxd7 35. Rxh7+ Kc6 36. Rxh6+ Kd5 37. f4 1-0

[Event "AUTO-ADV-4887"]
[Site "http://www.queenalice.com/game.php?id=1861883"]
[Date "2025.8.22"]
[Round "1"]
[White "game"]
[Black "Esvir"]
[Result "0-1"]
[WhiteElo "1638"]
[BlackElo "1987"]

1. e4 e5 2. Nf3 d6 3. Bc4 h6 4. d4 exd4 5. Nxd4 c5 6. Qf3 Nf6 7. O-O cxd4 8. e5
dxe5 9. Bd3 Nc6 10. Bb5 Bd7 11. a4 a6 12. Bc4 Nb4 13. Na3 b5 14. Bd3 Nxd3 15.
Qxd3 bxa4 16. c3 Bc6 17. Nc4 Qd5 18. f3 Bb5 19. b3 axb3 20. Ra5 dxc3 21. Qxc3
Qxc4 22. Qxe5+ Be7 23. Qe1 O-O 24. Ba3 Bxa3 25. Rxa3 Qc5+ 26. Rf2 Qxa3 27. g4
Rac8 28. Kg2 b2 29. Qb1 Bd3 30. Qxd3 Qxd3 0-1

[Event "AUTO-ADV-4892"]
[Site "http://www.queenalice.com/game.php?id=1862835"]
[Date "2025.9.11"]
[Round "1"]
[White "Daniel1962"]
[Black "Esvir"]
[Result "0-1"]
[WhiteElo "1735"]
[BlackElo "1954"]

1. d4 d5 2. Nc3 Nf6 3. Bg5 e6 4. Nf3 Be7 5. e3 O-O 6. Bd3 c5 7. dxc5 Bxc5 8. Na4
Qa5+ 9. Nc3 Ne4 10. Bxe4 dxe4 11. Ne5 Bxe3 12. Bxe3 Qxe5 13. Qg4 f5 14. Qg5 Nc6
15. Ne2 Nb4 16. O-O Nxc2 17. Rac1 Nxe3 18. fxe3 Qxb2 19. Nc3 Rf6 20. a4 Bd7 21.
Nb5 Rg6 22. Qe7 Qxg2# 0-1

[Event "AUTO-ADV-4892"]
[Site "http://www.queenalice.com/game.php?id=1862836"]
[Date "2025.9.11"]
[Round "1"]
[White "Esvir"]
[Black "Daniel1962"]
[Result "1-0"]
[WhiteElo "1966"]
[BlackElo "1739"]

1. e4 e5 2. Nf3 Bc5 3. Nxe5 d6 4. Nf3 Nf6 5. d4 Bb6 6. Bd3 Bg4 7. c3 Nc6 8. Be3
a6 9. Nbd2 O-O 10. O-O d5 11. e5 Ne4 12. Nxe4 dxe4 13. Bxe4 Qe7 14. h3 Bh5 15.
g4 Bg6 16. Bxg6 fxg6 17. Qb3+ Kh8 18. Ng5 Na5 19. Qd5 Rad8 20. Qe4 c6 21. b3 c5
22. d5 Qe8 23. e6 Qe7 24. Nf7+ Rxf7 25. Bg5 Qxg5 26. exf7 Qf6 27. Qe8+ 1-0

[Event "AUTO-ADV-4892"]
[Site "http://www.queenalice.com/game.php?id=1862851"]
[Date "2025.9.11"]
[Round "1"]
[White "Esvir"]
[Black "chessman"]
[Result "1-0"]
[WhiteElo "1970"]
[BlackElo "2052"]

1. e4 e6 2. d4 d5 3. e5 c5 4. dxc5 Bxc5 5. Nf3 Nc6 6. Be2 Qc7 7. Bf4 Nge7 8. O-O
Bd7 9. a3 h6 10. b4 Bb6 11. c4 dxc4 12. Bxc4 Ng6 13. Bg3 Ncxe5 14. Nxe5 Nxe5 15.
Bb3 f6 16. Nd2 O-O 17. Ne4 Rad8 18. Qe2 a6 19. Rac1 Qb8 20. Kh1 Bc6 21. f4 Nd3
22. f5 Nxc1 23. Rxc1 1-0

[Event "AUTO-ADV-4892"]
[Site "http://www.queenalice.com/game.php?id=1862852"]
[Date "2025.9.11"]
[Round "1"]
[White "chessman"]
[Black "Esvir"]
[Result "1-0"]
[WhiteElo "2011"]
[BlackElo "2004"]

1. e4 e5 2. Nf3 d6 3. d4 exd4 4. Nxd4 Nf6 5. Nc3 Be7 6. Be2 O-O 7. O-O c5 8. Nf3
Nc6 9. Re1 Ne5 10. Nxe5 dxe5 11. Qxd8 Rxd8 12. Bg5 h6 13. Bxf6 Bxf6 14. Nd5 Bg5
15. c4 Rd6 16. Red1 Kf8 17. Rd3 g6 18. Rad1 b6 19. b3 f5 20. exf5 Bxf5 21. Rc3
Kf7 22. Bf3 e4 23. Be2 Rad8 24. Kf1 R8d7 25. Ke1 Ke6 26. f4 exf3 27. Bxf3 h5 28.
Kf2 Bg4 29. Bxg4+ hxg4 30. Kg3 Kf5 31. Rf1+ Ke5 32. Kxg4 Bd8 33. Re3+ Kd4 34.
Rd1# 1-0

[Event "AUTO-ADV-4892"]
[Site "http://www.queenalice.com/game.php?id=1862853"]
[Date "2025.9.11"]
[Round "1"]
[White "Esvir"]
[Black "maurice916"]
[Result "1-0"]
[WhiteElo "1961"]
[BlackElo "1790"]

1. e4 c6 2. d4 d5 3. e5 Bf5 4. Nf3 h6 5. c4 e6 6. c5 a5 7. a4 b6 8. cxb6 Qxb6 9.
Be2 Bb4+ 10. Bd2 Ne7 11. O-O Na6 12. b3 Bxd2 13. Nbxd2 Nb4 14. h3 O-O 15. g4 Bh7
16. Rc1 Rac8 17. Rc5 Nd3 18. Bxd3 Bxd3 19. Re1 Ng6 20. Re3 Ba6 21. Kg2 Nf4+ 22.
Kg3 g5 23. h4 Qb4 24. hxg5 hxg5 25. Nxg5 Ng6 26. Qh1 f5 27. Qh7# 1-0

[Event "AUTO-ADV-4892"]
[Site "http://www.queenalice.com/game.php?id=1862854"]
[Date "2025.9.11"]
[Round "1"]
[White "maurice916"]
[Black "Esvir"]
[Result "1-0"]
[WhiteElo "1805"]
[BlackElo "1989"]

1. Nf3 c5 2. b3 d5 3. Bb2 Nc6 4. e3 e5 5. Nxe5 Nxe5 6. Bxe5 Nf6 7. Bb5+ Bd7 8.
Bxf6 gxf6 9. Bxd7+ Qxd7 10. Nc3 O-O-O 11. Qf3 Qe6 12. O-O-O a6 13. Rhe1 f5 14.
Ne2 Qe5 15. Kb1 Bg7 16. c3 b5 17. Rc1 b4 18. d4 Qf6 19. cxb4 Rhe8 20. Rxc5+ Kb8
21. Qf4+ Rd6 22. Rec1 Re4 23. Qg3 Kb7 24. Nc3 Rg4 25. Qf3 h5 26. Nxd5 Qg6 27.
Ne7+ 1-0

[Event "AUTO-OPEN-4618"]
[Site "http://www.queenalice.com/game.php?id=1863935"]
[Date "2025.10.7"]
[Round "1"]
[White "Esvir"]
[Black "chessman"]
[Result "1-0"]
[WhiteElo "1988"]
[BlackElo "1971"]

1. e4 e6 2. d4 d5 3. e5 c5 4. c4 dxc4 5. Qa4+ Bd7 6. Qxc4 cxd4 7. Qxd4 Nc6 8.
Qe4 Qb6 9. Nf3 Nge7 10. b3 Ng6 11. Bd3 Bb4+ 12. Nbd2 Rd8 13. O-O Bc3 14. Nc4 Qc7
15. Nd6+ Kf8 16. Rb1 Ncxe5 17. Ba3 Kg8 18. Bb5 Nxf3+ 19. Qxf3 Bf6 20. Rbc1 Bc6
21. Nxb7 Bxf3 22. Rxc7 Bxb7 23. Rxb7 Bd4 24. g3 e5 25. Bc4 h5 26. Rxf7 Kh7 27.
Kg2 h4 28. Rf5 1-0

[Event "AUTO-OPEN-4618"]
[Site "http://www.queenalice.com/game.php?id=1863936"]
[Date "2025.10.7"]
[Round "1"]
[White "chessman"]
[Black "Esvir"]
[Result "1-0"]
[WhiteElo "2081"]
[BlackElo "2018"]

1. e4 e5 2. Nf3 d6 3. d4 exd4 4. Nxd4 Nf6 5. Nc3 Be7 6. Be2 Nbd7 7. O-O Ne5 8.
f4 Ng6 9. Bf3 O-O 10. h3 c6 11. Be3 Nh4 12. Be2 c5 13. Nf3 Nxf3+ 14. Bxf3 a6 15.
Nd5 Nxd5 16. exd5 b5 17. Qe2 Bd7 18. b3 a5 19. c4 Bf6 20. Rae1 b4 21. g4 a4 22.
Be4 axb3 23. axb3 Bc3 24. Rb1 Qh4 25. Qg2 h5 26. Bf2 Qe7 27. g5 Bxh3 28. Qxh3
Qxe4 29. Qxh5 Qxf4 30. Kg2 Qe4+ 31. Qf3 Qxf3+ 32. Kxf3 Kh7 33. Kg4 Kg6 34. Bg3
Rad8 35. Rf3 f5+ 36. gxf6 Bxf6 37. Rbf1 Kf7 38. Bh4 Ke7 39. Re1+ Kf7 40. Re6 Kg6
41. Bg3 Rh8 42. Rxd6 Rxd6 43. Bxd6 Rh4+ 44. Kg3 Rh8 45. Bxc5 Rb8 46. Bd6 Rb7 47.
c5 Rb5 48. Rd3 Bd8 49. c6 Kf7 50. c7 Bxc7 51. Bxc7 Ke7 52. d6+ 1-0

[Event "AUTO-OPEN-4618"]
[Site "http://www.queenalice.com/game.php?id=1863937"]
[Date "2025.10.7"]
[Round "1"]
[White "Esvir"]
[Black "cerenzo72"]
[Result "0-1"]
[WhiteElo "2005"]
[BlackElo "2178"]

1. e4 e5 2. Nf3 d6 3. h3 Nf6 4. d3 Be7 5. Be2 b6 6. Nc3 Bb7 7. O-O Nbd7 8. Be3
c6 9. d4 Qc7 10. dxe5 dxe5 11. Bc4 O-O 12. Nh4 Nxe4 13. Nxe4 Bxh4 14. Qg4 Bf6
15. Bh6 g6 16. Bxf8 Kxf8 17. Nxf6 Nxf6 18. Qf3 Kg7 19. Rad1 b5 20. Be2 Nd5 21.
g3 Qc8 22. Kh2 f5 23. c4 bxc4 24. Bxc4 Qc7 25. Qb3 Rb8 26. Rc1 Ba8 27. Qf3 e4
28. Qe2 Qe5 29. b3 f4 30. Qg4 Rf8 31. Rce1 h5 32. Qe2 h4 33. Qg4 hxg3+ 34. fxg3
e3 35. Rf3 Bb7 36. Bxd5 cxd5 37. gxf4 Qb2+ 38. Kg3 d4 39. f5 Rf6 40. Rf4 Qc3 41.
Re2 Ba6 42. Rxd4 Bxe2 43. Rd7+ Kh6 44. Qxe2 Rxf5 45. Re7 Rg5+ 46. Kh2 Qc1 47.
Qxe3 Qc6 48. Qe4 Qd6+ 49. Kh1 Qg3 0-1

[Event "AUTO-OPEN-4618"]
[Site "http://www.queenalice.com/game.php?id=1863938"]
[Date "2025.10.7"]
[Round "1"]
[White "cerenzo72"]
[Black "Esvir"]
[Result "0-1"]
[WhiteElo "2124"]
[BlackElo "1982"]

1. c4 e5 2. Nc3 Nf6 3. g3 c6 4. Bg2 d5 5. cxd5 cxd5 6. e3 Nc6 7. Nge2 Be7 8. d3
O-O 9. O-O Bg4 10. b3 d4 11. Ne4 Nd5 12. Bd2 f5 13. f3 fxe4 14. fxg4 Rxf1+ 15.
Kxf1 dxe3 16. Bc1 Qf8+ 17. Kg1 Qf2+ 18. Kh1 Nd4 19. Nxd4 exd4 20. Qf1 Qxf1+ 21.
Bxf1 Nc3 22. Bb2 e2 23. Bg2 Nd1 24. Bxe4 e1=Q+ 25. Kg2 Qf2+ 26. Kh3 Nxb2 0-1

[Event "AUTO-ADV-4897"]
[Site "http://www.queenalice.com/game.php?id=1863985"]
[Date "2025.10.8"]
[Round "1"]
[White "game"]
[Black "Esvir"]
[Result "0-1"]
[WhiteElo "1674"]
[BlackElo "1973"]

1. e4 e5 2. Nf3 d6 3. Bc4 h6 4. O-O Nf6 5. d3 Nc6 6. Bb5 Bd7 7. d4 exd4 8. e5
dxe5 9. c3 Bc5 10. c4 e4 11. Re1 O-O 12. Nh4 Ng4 13. g3 e3 14. f3 Nge5 15. f4
Bg4 16. Qc2 d3 17. Qg2 Bf3 18. Nxf3 Nxf3+ 19. Qxf3 d2 20. Nxd2 exd2+ 21. Kg2
dxe1=Q 0-1

[Event "AUTO-ADV-4897"]
[Site "http://www.queenalice.com/game.php?id=1863986"]
[Date "2025.10.8"]
[Round "1"]
[White "Esvir"]
[Black "game"]
[Result "1-0"]
[WhiteElo "1977"]
[BlackElo "1705"]

1. e4 e5 2. Nf3 d6 3. Nc3 Nf6 4. d4 Bg4 5. Be2 d5 6. Nxe5 h5 7. Nxg4 Nxg4 8.
Bxg4 hxg4 9. Qxg4 Nc6 10. exd5 Rh4 11. Qe2+ Ne7 12. Be3 Nxd5 13. Qb5+ c6 14.
Qxb7 Nxe3 15. Qxc6+ Ke7 16. fxe3 Rh6 17. Nd5+ Qxd5 18. Qxd5 Rd8 19. Qc5+ Rhd6
20. Qxa7+ Ke8 21. O-O Be7 22. Rf3 R6d7 23. Qa4 f6 24. Rh3 Kf7 25. Qc4+ Kg6 26.
Rf1 Rb7 27. d5 Rbd7 28. Qe4+ Kf7 29. Qe6+ Kg6 30. Rff3 Rxd5 31. Rfg3+ Rg5 32.
Rxg5+ Kxg5 33. Rg3+ Kh6 34. Qh3# 1-0

[Event "AUTO-ADV-4897"]
[Site "http://www.queenalice.com/game.php?id=1863995"]
[Date "2025.10.8"]
[Round "1"]
[White "Esvir"]
[Black "maurice916"]
[Result "1-0"]
[WhiteElo "2003"]
[BlackElo "1716"]

1. e4 c6 2. d4 d5 3. e5 h5 4. Nf3 Bg4 5. Be2 g6 6. c4 e6 7. cxd5 cxd5 8. O-O Nc6
9. Nc3 Nh6 10. h3 Bxf3 11. Bxf3 Nf5 12. Ne2 Qb6 13. Bg5 Bg7 14. b3 O-O 15. g4
hxg4 16. hxg4 Nfe7 17. Kg2 Rfe8 18. Qd2 a5 19. Rh1 Kf8 20. Bh6 f5 21. exf6 Bxh6
22. Qxh6+ 1-0

[Event "AUTO-ADV-4897"]
[Site "http://www.queenalice.com/game.php?id=1863996"]
[Date "2025.10.8"]
[Round "1"]
[White "maurice916"]
[Black "Esvir"]
[Result "0-1"]
[WhiteElo "1854"]
[BlackElo "2024"]

1. Nf3 d5 2. b3 c5 3. Bb2 Nc6 4. e3 Nf6 5. Bb5 Bd7 6. O-O e5 7. d4 cxd4 8. exd4
exd4 9. Re1+ Be7 10. Nxd4 Nxd4 11. Bxd7+ Qxd7 12. Bxd4 O-O 13. Nd2 b6 14. Nf3
Ne4 15. Ne5 Qf5 16. Qf3 Qf6 17. Rad1 Qxf3 18. Nxf3 Bd6 19. g3 Bb4 20. Re2 Bc3
21. Rd3 Bxd4 22. Rxd4 Nc3 23. Re7 Nxa2 24. Rxd5 Nb4 25. Rd2 a5 26. Rb7 Rfb8 27.
Rxb8+ Rxb8 28. c3 Nc6 29. Rd6 Rc8 30. Nd2 b5 31. Ne4 f5 32. Ng5 h6 33. Ne6 Kf7
34. Nf4 g5 35. Ng2 h5 36. Ne3 Ne7 37. Rd7 Rxc3 38. Rxe7+ Kxe7 39. Nd5+ Kd6 40.
Nxc3 Kc5 41. Nb1 Kb4 42. Nd2 Kc3 43. Nf3 Kxb3 44. Nd4+ Kc4 45. Nxf5 b4 46. Ne3+
Kb3 47. Kf1 Kb2 48. Ke2 b3 49. Kd2 Kb1 50. Kc3 a4 51. Nc4 Ka2 52. f3 a3 53. h3
b2 54. Nxa3 Kxa3 55. Kc2 Ka2 56. g4 b1=Q+ 57. Kd2 Kb2 58. gxh5 Qh7 0-1

[Event "AUTO-ADV-4870"]
[Site "http://www.queenalice.com/game.php?id=1864347"]
[Date "2025.10.16"]
[Round "2"]
[White "Esvir"]
[Black "altair"]
[Result "1-0"]
[WhiteElo "1996"]
[BlackElo "1826"]

1. e4 e5 2. Nf3 d6 3. Bc4 h6 4. O-O Nf6 5. Nc3 Be7 6. d4 Nc6 7. dxe5 dxe5 8. Qe2
O-O 9. Nh4 a6 10. Ng6 Re8 11. Nd5 Nxd5 12. Bxd5 Be6 13. Nxe7+ Rxe7 14. Bxe6 Rxe6
15. Be3 Nd4 16. Qd3 Rd6 17. Qc4 Rc6 18. Qb4 Nxc2 19. Qxb7 Rb6 20. Bxb6 Nxa1 21.
Bxc7 Qc8 22. Qxc8+ Rxc8 23. Bxe5 Nc2 24. Rc1 Rc5 25. Bd6 Rc6 26. e5 Nd4 27. Rxc6
Nxc6 28. f4 f6 29. Kf2 fxe5 30. fxe5 g5 31. Ke3 Kf7 32. Ke4 Ne7 33. Bxe7 Kxe7
34. Kf5 Kf7 35. b4 Ke7 36. a4 h5 37. Kxg5 h4 38. b5 axb5 39. axb5 1-0

[Event "AUTO-ADV-4870"]
[Site "http://www.queenalice.com/game.php?id=1864350"]
[Date "2025.10.16"]
[Round "2"]
[White "chessman"]
[Black "Esvir"]
[Result "1-0"]
[WhiteElo "2065"]
[BlackElo "2033"]

1. e4 e5 2. Nf3 d6 3. d4 exd4 4. Nxd4 Nf6 5. Nc3 a6 6. Be2 Be7 7. O-O c5 8. Nf3
Nc6 9. Bg5 b5 10. Re1 O-O 11. Bf1 Ne5 12. Nxe5 dxe5 13. Qxd8 Rxd8 14. Rad1 Be6
15. f3 h6 16. Be3 g5 17. a3 Kg7 18. Rxd8 Rxd8 19. Rd1 Rxd1 20. Nxd1 Nd7 21. a4
Kg6 22. axb5 axb5 23. Bxb5 Nb6 24. Nc3 Bc4 25. Bc6 h5 26. b3 Ba6 27. Nd5 Nxd5
28. Bxd5 f6 29. c3 Bd3 30. Kf2 f5 31. Bd2 g4 32. fxg4 hxg4 33. exf5+ Kxf5 34. b4
e4 35. h3 Ke5 36. Bc6 gxh3 37. gxh3 cxb4 38. cxb4 Kd4 39. Be3+ Kc4 40. b5 Bc5
41. b6 1-0

[Event "AUTO-ADV-4870"]
[Site "http://www.queenalice.com/game.php?id=1864351"]
[Date "2025.10.16"]
[Round "2"]
[White "Esvir"]
[Black "chessman"]
[Result "1/2-1/2"]
[WhiteElo "2008"]
[BlackElo "2084"]

1. e4 e6 2. d4 d5 3. exd5 exd5 4. Nf3 Nf6 5. Bg5 Be7 6. c4 c6 7. a3 O-O 8. Nc3
Re8 9. Ne5 a6 10. b3 Be6 11. Bd3 Nbd7 12. Nxd7 Qxd7 13. O-O h6 14. Bh4 Ne4 15.
Bxe7 Nxc3 16. Qc2 Qxe7 17. Qxc3 Qf6 18. Rae1 Bf5 19. Rxe8+ Rxe8 20. Bxf5 Qxf5
21. h3 Qe4 22. cxd5 Qxd5 23. Qb4 1/2-1/2

[Event "AUTO-ADV-4870"]
[Site "http://www.queenalice.com/game.php?id=1864354"]
[Date "2025.10.16"]
[Round "2"]
[White "Esvir"]
[Black "Fauquinelle"]
[Result "1-0"]
[WhiteElo "2011"]
[BlackElo "1932"]

1. e4 e5 2. Nf3 Nf6 3. d3 Nc6 4. Be2 d5 5. exd5 Nxd5 6. c4 Nb6 7. Nc3 Be7 8. O-O
Bf5 9. Ne4 O-O 10. h3 Nd4 11. Nxd4 exd4 12. g4 Bd7 13. f4 f5 14. Ng3 1-0